| 000 | 00467nam a22001817a 4500 | ||
|---|---|---|---|
| 003 | MPLRDC | ||
| 005 | 20220104125500.0 | ||
| 008 | 210129b ||||| |||| 00| 0 eng d | ||
| 020 | _a986-6779-39-8 | ||
| 082 | _a388.8 MT | ||
| 100 | _a约瑟夫.姆.福肖编著 | ||
| 245 |
_a鸟类大图鉴 _c明天编译小组译 |
||
| 250 | _a初版 | ||
| 260 |
_a台湾 _b明天国际图书有限公司 _c2007 |
||
| 300 | _b312 | ||
| 650 | _a鸟类 | ||
| 942 |
_cBK _o388.8 MT |
||
| 999 |
_c27709 _d27699 |
||